| 000 | 00605nam a22001937a 4500 | ||
|---|---|---|---|
| 005 | 20260423062000.0 | ||
| 008 | 260423b |||||||| |||| 00| 0 eng d | ||
| 020 | _a 9781111138592 | ||
| 050 |
_aRT81.6 _b.A55 2012 |
||
| 100 | _a Ankner, Gina M. | ||
| 245 |
_a Medical-surgical nursing / _b Gina M. Ankner ; |
||
| 250 | _a2nd ed. | ||
| 260 |
_aClifton Park, NY : _bDelmar Cengage Learning, _c2012. |
||
| 300 |
_a xvii, 296 p. : _bill. ; _c23 cm. |
||
| 500 | _a Includes bibliographical references and index. | ||
| 650 | _aSurgical nursing | ||
| 700 | _aAhlschlager, Patricia M. | ||
| 942 |
_2lcc _cBK |
||
| 999 |
_c60391 _d60391 |
||